|
|
|
|
| LEADER |
00000nas a2200000 a 4500 |
| 001 |
ssj0009881 |
| 003 |
WaSeSS |
| 005 |
20200512172242.0 |
| 006 |
m d |
| 007 |
cr n |
| 008 |
001005c19719999nyubx pss 0 a0eng c |
| 010 |
|
|
|a 2004233541
|
| 016 |
7 |
|
|a 2017227-8
|2 DE-600
|
| 016 |
7 |
|
|a 012434117
|2 Uk
|
| 016 |
7 |
|
|a J36260000
|2 DNLM
|
| 022 |
|
|
|a 1573-6555
|l 0090-6905
|y 0090-6905
|
| 035 |
|
|
|a (WaSeSS)ssj0009881
|
| 040 |
|
|
|a F#A
|b eng
|e pn
|c F#A
|d OCLCQ
|d GUA
|d U9S
|d GUA
|d OCLCQ
|d CUD
|d OCLCO
|d OCLCQ
|d BUF
|d OCLCO
|d OCLCF
|d OCLCO
|d OCLCQ
|d DEFHM
|d OCLCO
|d OCLCA
|d AU@
|d OCLCO
|d UKMGB
|d AUD
|d VT2
|d NJT
|d DLC
|d SFB
|d WaSeSS
|
| 042 |
|
|
|a pcc
|
| 050 |
0 |
0 |
|a P106
|
| 060 |
0 |
0 |
|a W1
|b JO857J
|
| 082 |
0 |
4 |
|a 401.9
|
| 130 |
0 |
|
|a Journal of psycholinguistic research (Online)
|
| 210 |
0 |
|
|a J. psycholinguist. res.
|b (Dordr., Online)
|
| 222 |
|
0 |
|a Journal of psycholinguistic research
|b (Dordrecht. Online)
|
| 245 |
1 |
0 |
|a Journal of psycholinguistic research
|h [electronic resource].
|
| 260 |
|
|
|3 -2004 :
|a [New York, N.Y.] :
|b Kluwer Academic/Plenum Publishers
|
| 260 |
3 |
|
|3 Sept. 2004- :
|a [New York] :
|b Springer Link
|
| 310 |
|
|
|a Six no. a year,
|b 1978-
|
| 321 |
|
|
|a Four issues a year,
|b 1972-1977
|
| 362 |
1 |
|
|a Began with Vol. 1, issue 1 (Mar. 1971).
|
| 500 |
|
|
|a Some nos. also called special issues and have distinctive theme titles.
|
| 506 |
|
|
|a License restrictions may limit access.
|
| 515 |
|
|
|a Some issues combined.
|
| 538 |
|
|
|a Mode of access: World Wide Web.
|
| 588 |
|
|
|a Description based on: Vol. 1, issue 1 (Mar. 1971); title from contents screen (publisher's Web site, viewed Apr. 6, 2004).
|
| 588 |
|
|
|a Latest issue consulted: Vol. 48, issue 4 (Aug. 2019) (Springer Link, viewed Aug. 22, 2019).
|
| 650 |
|
0 |
|a Psycholinguistics
|v Periodicals.
|
| 650 |
|
6 |
|a Psycholinguistique
|v Périodiques.
|
| 650 |
|
7 |
|a Psycholinguistics.
|2 fast
|0 (OCoLC)fst01081323
|
| 650 |
|
7 |
|a Psycholinguistik
|2 gnd
|
| 650 |
|
7 |
|a Zeitschrift
|2 gnd
|
| 650 |
|
7 |
|a Online-Ressource
|2 gnd
|
| 655 |
|
0 |
|a Electronic journals.
|
| 776 |
0 |
8 |
|i Print version:
|t Journal of psycholinguistic research
|x 0090-6905
|w (DLC) 79648675
|w (OCoLC)1800203
|
| 850 |
|
|
|a DLC
|
| 856 |
4 |
0 |
|z Full text available from Research Library: 01/01/1997 to 1 year ago
|u https://search.proquest.com/publication/48386
|